| 000 | 00723nam a2200181Ia 4500 | ||
|---|---|---|---|
| 008 | 130821s1967 fr gr fre | ||
| 040 |
_aCo-BoUCM _bspa |
||
| 041 | 0 | 0 | _afre |
| 100 | 1 |
_aAbi-Saab, Georges _d1933- |
|
| 245 | 1 | 4 |
_aLes exceptions préliminaires dans la procédure de la Cour internationale _bétude des notions fondamentales de procédure et des moyens de leur mise en oeuvre _cpréfacio de Paul Guggenheim |
| 260 |
_aParís (Francia) _bA. Pedone _c1967 |
||
| 300 | _axii, 280 páginas | ||
| 504 | _aBibliografía: p. [257]-263. | ||
| 610 | 2 | _aCorte Internacional de Justicia. CIJ | |
| 650 | 0 | 4 | _aExcepciones (Derecho) |
| 942 |
_cLIBRO _a8 _e1 _mA13 _2DEWEY _h341.552 |
||
| 999 |
_c61940 _d61940 |
||